000 00427nam a2200145Ia 4500
008 100122s9999 xx 000 0 und d
082 _b5878
_a823
100 _aकवठेकर दत्त रघुनाथ
245 _aआभाळाची सावली
260 _c1924
300 _a100
630 _aआभाळाची सावली
730 _aआभाळाची सावली
942 _cBOOK
999 _c399060
_d399057